[Event "Athenaeum v NW Eagles"]
[Site "?"]
[Date "2002.??.??"]
[Round "2"]
[White "Barkwill, Martin"]
[Black "Hulmes, David I"]
[Result "0-1"]
[WhiteElo "1736"]
[BlackElo "2144"]
[PlyCount "60"]
[EventDate "2002.??.??"]

1. c4 e6 2. g3 d5 3. Bg2 Nf6 4. cxd5 exd5 5. d4 c6 6. Nc3 Be7 7. Nf3 O-O 8. O-O
Nbd7 9. Qc2 Re8 10. Re1 Bd6 11. Bg5 h6 12. Bxf6 Nxf6 13. e4 dxe4 14. Nxe4 Nxe4
15. Rxe4 Rxe4 16. Qxe4 Be6 17. a3 Qb6 18. b4 a5 19. bxa5 Rxa5 20. Rb1 Qc7 21.
Ne5 Rxa3 22. Ng6 Qd7 23. Ne5 Qc8 24. Qf4 Qc7 25. Be4 f6 26. Bf5 Bxf5 27. Qxf5
fxe5 28. Qe6+ Kh7 29. dxe5 Bxe5 30. Qf5+ g6 0-1

[Event "Athenaeum v NW Eagles"]
[Site "?"]
[Date "2002.??.??"]
[Round "2"]
[White "Hague, Ben"]
[Black "McKeown, Paul"]
[Result "1-0"]
[WhiteElo "2219"]
[BlackElo "2075"]
[PlyCount "135"]
[EventDate "2002.??.??"]

1. e4 Nf6 2. Nc3 d5 3. e5 Ne4 4. Nce2 d4 5. c3 dxc3 6. bxc3 Nc5 7. d4 Nca6 8.
Nf3 e6 9. Ng3 c5 10. Bd3 cxd4 11. cxd4 Nb4 12. Be4 N8c6 13. O-O Be7 14. Nh5 O-O
15. Be3 Nd5 16. Qd3 g6 17. Nf4 Ncb4 18. Qd2 Nxf4 19. Bxf4 Nd5 20. Bg5 Bb4 21.
Qd3 Be7 22. Bxe7 Nxe7 23. Qe3 Kg7 24. Nd2 Rb8 25. Nc4 Bd7 26. Nd6 Bc6 27. Bxc6
Nxc6 28. Rab1 f6 29. Rfd1 fxe5 30. dxe5 Qa5 31. Nxb7 Qxa2 32. Qc5 Nd8 33. Nxd8
Rfxd8 34. Qc7+ Kh6 35. Qc1+ g5 36. Rxb8 Rxb8 37. h4 Rg8 38. Rd8 Rg6 39. hxg5+
Kh5 40. f4 Qe2 41. Rd7 Kg4 42. Rxa7 h6 43. Ra4 hxg5 44. fxg5+ Kh5 45. Qf4 Qe1+
46. Kh2 Rxg5 47. Qf7+ Rg6 48. Qf3+ Kg5 49. Rg4+ Kh6 50. Qh3+ Kg7 51. Rxg6+ Kxg6
52. Qxe6+ Kg7 53. Qf6+ Kh7 54. e6 Qa5 55. e7 Qc7+ 56. g3 Qc2+ 57. Kh3 Qc8+ 58.
Kh4 Qc4+ 59. Qf4 Qe6 60. Qg5 Qe4+ 61. g4 Qh1+ 62. Kg3 Qg1+ 63. Kf4 Qc1+ 64. Kf5
Qc5+ 65. Kf6 Qc6+ 66. Kf7 Qc4+ 67. Kf8 Qc5 68. Qg7# 1-0

[Event "Athenaeum v NW Eagles"]
[Site "?"]
[Date "2002.??.??"]
[Round "2"]
[White "Savory, Richard"]
[Black "Zemka, Christine"]
[Result "1-0"]
[WhiteElo "2115"]
[BlackElo "1745"]
[PlyCount "197"]
[EventDate "2002.??.??"]

1. e4 d5 2. exd5 Qxd5 3. Nc3 Qd6 4. Bc4 Nf6 5. d3 c6 6. Nge2 Bf5 7. O-O e6 8.
Bf4 Qd8 9. Ng3 Bd6 10. Qe2 Be7 11. Rae1 Qd7 12. Be5 O-O 13. f4 Bc5+ 14. Kh1 Nd5
15. Nce4 Bxe4 16. Nxe4 Be7 17. Rf3 f6 18. Bd4 Na6 19. Bxa6 bxa6 20. Nd2 Nc7 21.
Bc3 Rae8 22. Rh3 Qd5 23. Rh5 Qd6 24. Nc4 Qd8 25. Qf2 Rf7 26. Qxa7 Qc8 27. Qf2
Nd5 28. Ba5 Qd7 29. Rh3 Bd6 30. Bd2 Qc7 31. Qh4 g6 32. Rf3 Kh8 33. Qf2 Qd7 34.
a3 Bb8 35. b4 Ba7 36. Qf1 c5 37. bxc5 Bxc5 38. Rb1 Qa4 39. Rb3 Rfe7 40. Qb1 Qc6
41. Bc1 Bd4 42. Bb2 Bxb2 43. Qxb2 Kg7 44. Rf1 Qc7 45. Qc1 Rc8 46. a4 Qc5 47. a5
Rc6 48. Qa3 Qd4 49. Qc1 Rec7 50. Rf3 Qa7 51. Qg1 Qxg1+ 52. Kxg1 h5 53. g3 Kf7
54. Rf1 Ke7 55. Rfb1 Rc5 56. Kf2 R5c6 57. Rb7 Rxb7 58. Rxb7+ Rc7 59. Rxc7+ Nxc7
60. Ke3 Kd7 61. Nd2 Kc6 62. Kd4 Nb5+ 63. Kc4 Nd6+ 64. Kb4 Nb5 65. Nf3 f5 66.
Nh4 Nc7 67. Kc4 Kd6 68. d4 Nd5 69. Nxg6 Ne3+ 70. Kd3 Nf1 71. h4 Nxg3 72. c4 Ne4
73. Ne5 Nf2+ 74. Ke2 Ne4 75. c5+ Kc7 76. Kd3 Nf2+ 77. Kc4 Ne4 78. d5 exd5+ 79.
Kxd5 Kc8 80. Kc6 Nc3 81. Ng6 Ne2 82. Kb6 Nd4 83. Kxa6 Kc7 84. Ne5 Nc6 85. Kb5
Na7+ 86. Kc4 Nc8 87. a6 Na7 88. Kd4 Nb5+ 89. Kc4 Na7 90. c6 Kb6 91. Kd5 Kxa6
92. Kd6 Nb5+ 93. Kd7 Kb6 94. Ke6 Nd4+ 95. Kf6 Kc7 96. Kg5 Kd6 97. Kxh5 Ne6 98.
Kg6 Nxf4+ 99. Kxf5 1-0

[Event "Athenaeum v NW Eagles"]
[Site "?"]
[Date "2002.??.??"]
[Round "2"]
[White "Stevenson, James AB"]
[Black "Charleshouse, Glenn L"]
[Result "0-1"]
[WhiteElo "2151"]
[BlackElo "2301"]
[PlyCount "80"]
[EventDate "2002.??.??"]

1. Nf3 e6 2. g3 Nf6 3. Bg2 Be7 4. O-O c5 5. d3 d5 6. Nbd2 Nc6 7. e4 O-O 8. e5
Nd7 9. Qe2 Qc7 10. Re1 b5 11. Nf1 a5 12. h4 b4 13. N1h2 a4 14. a3 bxa3 15. bxa3
c4 16. Ng4 cxd3 17. cxd3 Nc5 18. Bg5 Nb3 19. Ra2 Bxg5 20. hxg5 Ba6 21. Rd1 Rfc8
22. Qe3 Qa7 23. Qf4 Ncd4 24. Nfh2 Qe7 25. Nf1 Rc3 26. Nfe3 Rd8 27. Bf1 Rdc8 28.
Nh6+ gxh6 29. gxh6 Kh8 30. Ng4 Rg8 31. Nf6 Rg6 32. f3 Qc7 33. g4 Qxe5 34. Nxd5
exd5 35. Qxf7 Nxf3+ 36. Kf2 Qd4+ 37. Kg3 Qxg4+ 38. Kf2 Qd4+ 39. Ke2 Qe5+ 40.
Kf2 Qg3+ 0-1

[Event "Poisoned Pawns v NW Eagles"]
[Site "?"]
[Date "2002.06.02"]
[Round "2"]
[White "Bradley, Karen"]
[Black "Smith, Robyn"]
[Result "0-1"]
[WhiteElo "1304"]
[BlackElo "1288"]
[PlyCount "90"]
[EventDate "2002.??.??"]

1. d4 Nf6 2. c4 c5 3. d5 b5 4. cxb5 a6 5. b6 Qxb6 6. Nc3 d6 7. e4 g6 8. Qc2 Bg7
9. a4 O-O 10. a5 Qc7 11. Nf3 e6 12. Bc4 exd5 13. Nxd5 Nxd5 14. Bxd5 Bb7 15. Qb3
Nc6 16. O-O Rab8 17. Qa2 Nb4 18. Qc4 Nc6 19. Qa4 Nb4 20. Bxb7 Qxb7 21. Rd1 Rfd8
22. Bg5 Rd7 23. Rab1 h6 24. Bf4 Rbd8 25. e5 dxe5 26. Bxe5 Nc6 27. Bxg7 Kxg7 28.
Rxd7 Qxd7 29. h3 Qc7 30. Ra1 Rb8 31. Qa3 Rb5 32. Qc3+ Kh7 33. Qc4 Nxa5 34. Qa2
Kg8 35. Re1 Qc8 36. Re7 c4 37. Ne5 Qc5 38. Re8+ Kg7 39. Qa1 Qc7 40. b4 c3 41.
Nd3 Qc6 42. Re3 Nb3 43. Qa2 Nd4 44. Ne5 Rxe5 45. Rxe5 c2 0-1

[Event "Athenaeum v Numerica 3Cs"]
[Site "?"]
[Date "2002.06.02"]
[Round "2"]
[White "Clarke, Thomas"]
[Black "Ashton, Adam G"]
[Result "0-1"]
[WhiteElo "2169"]
[BlackElo "2146"]
[PlyCount "118"]
[EventDate "2002.??.??"]

1. d4 Nf6 2. Bg5 Ne4 3. h4 d5 4. Nd2 c5 5. Nxe4 dxe4 6. d5 Qb6 7. e3 g6 8. a4
Bd7 9. Qc1 Bg7 10. c3 Qb3 11. Qd2 e6 12. dxe6 Qxe6 13. h5 Nc6 14. Nh3 O-O 15.
hxg6 hxg6 16. Nf4 Qf5 17. Bh4 Be6 18. Be2 Na5 19. Nxe6 Qxe6 20. Rd1 Nc6 21. Qd7
Qxd7 22. Rxd7 b6 23. Bg3 Rfd8 24. Rc7 Rdc8 25. Rxc8+ Rxc8 26. Ba6 Rd8 27. Ke2
Ne5 28. f4 Ng4 29. Bh4 Rd5 30. Bc8 Nf6 31. Bxf6 Bxf6 32. Bb7 Rd8 33. Bxe4 Kg7
34. Bc6 Be7 35. Ra1 Rd6 36. Bb5 Bd8 37. Ra2 Bc7 38. b4 cxb4 39. cxb4 Rd8 40.
Rc2 Bd6 41. Rc4 a5 42. bxa5 bxa5 43. Rc6 f5 44. Ra6 Bb4 45. Ra7+ Kf6 46. Bc4 g5
47. Rf7+ Kg6 48. Rc7 gxf4 49. exf4 Rd4 50. g3 Rd6 51. Bd3 Re6+ 52. Kf3 Kf6 53.
Rc8 Rd6 54. Bc2 Rd2 55. Ke3 Rd7 56. Rh8 Rd2 57. Bd3 Rg2 58. Rh6+ Kg7 59. Rh3
Bc5+ 0-1

[Event "Athenaeum v Numerica 3Cs"]
[Site "?"]
[Date "2002.06.02"]
[Round "2"]
[White "Gordon, Stephen J"]
[Black "Gruettner, Ralf"]
[Result "1-0"]
[WhiteElo "1968"]
[BlackElo "2058"]
[PlyCount "71"]
[EventDate "2002.??.??"]

1. d4 Nf6 2. c4 g6 3. Nc3 Bg7 4. e4 d6 5. f3 O-O 6. Be3 Nbd7 7. Nh3 c5 8. d5 a6
9. a4 Qc7 10. Qd2 Ne5 11. Nf2 Qb8 12. Be2 b5 13. cxb5 axb5 14. Nxb5 Ba6 15. O-O
Rc8 16. Rfc1 Ned7 17. Rab1 Nb6 18. b3 Ne8 19. Na3 Bxe2 20. Qxe2 Nc7 21. Nc4 Na6
22. Nd3 Nxc4 23. Rxc4 Rc7 24. b4 Nxb4 25. Nxb4 Rxa4 26. Qc2 Qa8 27. Nc6 Rxc4
28. Qxc4 Rb7 29. Rxb7 Qxb7 30. Qa4 f5 31. Qc2 e6 32. g4 exd5 33. exd5 fxg4 34.
fxg4 Qf7 35. Qe4 h5 36. Ne7+ 1-0

[Event "Athenaeum v Numerica 3Cs"]
[Site "?"]
[Date "2002.06.02"]
[Round "2"]
[White "Martin, Katie A"]
[Black "Rose, Michael"]
[Result "1-0"]
[WhiteElo "1448"]
[BlackElo "1784"]
[PlyCount "51"]
[EventDate "2002.??.??"]

1. e4 e6 2. d4 d5 3. e5 b6 4. Nf3 h6 5. Nbd2 Ba6 6. c4 Bxc4 7. Nxc4 dxc4 8.
Bxc4 Bb4+ 9. Bd2 Bxd2+ 10. Qxd2 Ne7 11. O-O O-O 12. Rfd1 Nd5 13. Rac1 c6 14.
Bb3 Qd7 15. Qd3 Rc8 16. Nd2 a5 17. Ne4 Na6 18. Nd6 Nab4 19. Qe4 a4 20. Bxd5
cxd5 21. Rxc8+ Rxc8 22. Qe1 Nc2 23. Qd2 Rc6 24. a3 Qe7 25. Nb5 Qd7 26. Nc3 1-0

[Event "Athenaeum v Numerica 3Cs"]
[Site "?"]
[Date "2002.06.02"]
[Round "2"]
[White "Winser, Lewis"]
[Black "English, Ray"]
[Result "1/2-1/2"]
[WhiteElo "1704"]
[BlackElo "1992"]
[PlyCount "45"]
[EventDate "2002.??.??"]

1. d4 Nf6 2. Nf3 c5 3. d5 e6 4. dxe6 fxe6 5. c4 d5 6. Bg5 Be7 7. e3 Nc6 8. Nbd2
O-O 9. Bd3 Bd7 10. a3 Be8 11. Qc2 h6 12. Bh4 a6 13. h3 Nd7 14. Bg3 Rc8 15. Bh2
Bf6 16. Bd6 Be7 17. Bxe7 Qxe7 18. g4 Nde5 19. Nxe5 Nxe5 20. Be2 b5 21. cxb5
Bxb5 22. Bxb5 axb5 23. f4 1/2-1/2

[Event "Guildford v Slough"]
[Site "?"]
[Date "2002.06.02"]
[Round "2"]
[White "De Coverly, Roger"]
[Black "Briscoe, Christopher"]
[Result "0-1"]
[WhiteElo "2109"]
[BlackElo "2157"]
[PlyCount "62"]
[EventDate "2002.??.??"]

1. d4 Nf6 2. Bg5 Ne4 3. Bf4 c5 4. f3 Qa5+ 5. c3 Nf6 6. d5 Qb6 7. Bc1 e6 8. c4
exd5 9. cxd5 c4 10. e3 Bc5 11. Kf2 O-O 12. Bxc4 d6 13. Qb3 Nbd7 14. Nc3 Ne5 15.
Qxb6 axb6 16. b3 Bf5 17. Be2 Bc2 18. Bb2 Rfe8 19. Nh3 Nd3+ 20. Bxd3 Bxe3+ 21.
Ke2 Bc1+ 22. Ne4 Bxd3+ 23. Kxd3 Bxb2 24. Rab1 Rxa2 25. Rhe1 Nxe4 26. Rxe4 Rxe4
27. Kxe4 Bf6 28. Nf4 Be5 29. Rc1 g6 30. Rc7 Rd2 31. Nd3 Re2# 0-1

[Event "Guildford v Slough"]
[Site "?"]
[Date "2002.06.02"]
[Round "2"]
[White "Harborne, Matthew"]
[Black "Sharp, Peter"]
[Result "0-1"]
[WhiteElo "1760"]
[BlackElo "2104"]
[PlyCount "68"]
[EventDate "2002.??.??"]

1. e4 Nf6 2. e5 Nd5 3. d4 d6 4. c4 Nb6 5. exd6 exd6 6. Be3 Be7 7. Nc3 O-O 8.
Be2 Nc6 9. Nf3 Bg4 10. b3 Re8 11. O-O Bf6 12. Rc1 d5 13. c5 Nc8 14. h3 Bxf3 15.
Bxf3 N6e7 16. g4 h6 17. Ne2 c6 18. Nf4 Ng6 19. Qd3 Nxf4 20. Bxf4 Ne7 21. Bg3
Bg5 22. Rce1 Ng6 23. Bg2 Qa5 24. f4 Bf6 25. Rxe8+ Rxe8 26. Rf2 Qe1+ 27. Kh2 Qe3
28. Qxe3 Rxe3 29. f5 Nh4 30. Rd2 Nxg2 31. Kxg2 Bg5 32. Rc2 Rd3 33. h4 Bf6 34.
Be5 Bxh4 0-1

[Event "Guildford v Slough"]
[Site "?"]
[Date "2002.06.02"]
[Round "2"]
[White "Richardson, Kevin"]
[Black "Williams, Samuel G"]
[Result "1/2-1/2"]
[WhiteElo "2184"]
[BlackElo "2140"]
[PlyCount "69"]
[EventDate "2002.??.??"]

1. e4 e5 2. Nf3 Nf6 3. Nxe5 d6 4. Nf3 Nxe4 5. Nc3 Nxc3 6. dxc3 Be7 7. Bd3 Nd7
8. Be3 O-O 9. Qd2 Ne5 10. Nxe5 dxe5 11. O-O-O Be6 12. f4 exf4 13. Bxf4 Bd6 14.
Qf2 Qf6 15. Rhf1 Bxf4+ 16. Qxf4 Qxf4+ 17. Rxf4 Rad8 18. Rd4 Rxd4 19. cxd4 Rd8
20. Be4 c6 21. b3 Bd5 22. Bxd5 Rxd5 23. c4 Rf5 24. Rd2 Kf8 25. Kc2 Ke7 26. Kd3
Rf1 27. Re2+ Kd7 28. h4 Rf4 29. g3 Rf3+ 30. Re3 Rxe3+ 31. Kxe3 Ke6 32. Kf4 f6
33. g4 g6 34. Ke4 b6 35. Kf4 1/2-1/2

[Event "Guildford v Slough"]
[Site "?"]
[Date "2002.06.02"]
[Round "2"]
[White "Shepley, Julien M"]
[Black "Jeffries, Majid"]
[Result "1/2-1/2"]
[WhiteElo "2108"]
[BlackElo "2020"]
[PlyCount "40"]
[EventDate "2002.??.??"]

1. Nc3 c5 2. e4 Nc6 3. g3 g6 4. Bg2 Bg7 5. d3 d6 6. Be3 Nf6 7. h3 Rb8 8. Qd2
Nd4 9. Nd1 e5 10. c3 Nc6 11. Ne2 O-O 12. g4 Ne8 13. Ng3 Nc7 14. c4 Ne6 15. Nc3
Ned4 16. Nd5 Qa5 17. Qxa5 Nxa5 18. Rc1 Nac6 19. O-O Be6 20. a3 b5 1/2-1/2

[Event "Guildford v White Rose"]
[Site "?"]
[Date "2002.06.02"]
[Round "2"]
[White "Dupre, Paul D"]
[Black "Cumbers, Paul"]
[Result "0-1"]
[WhiteElo "2053"]
[BlackElo "1952"]
[PlyCount "98"]
[EventDate "2002.??.??"]

1. d4 f5 2. Nc3 d5 3. Bg5 c6 4. e3 Nf6 5. Bxf6 exf6 6. Bd3 Be6 7. h4 h5 8. Nge2
Qd7 9. Nf4 Bf7 10. Rh3 Be7 11. Qf3 Kd8 12. Qd1 g5 13. hxg5 fxg5 14. Nfe2 h4 15.
Qd2 Qe6 16. O-O-O Nd7 17. Rdh1 Kc7 18. R3h2 Nf6 19. f3 Bd6 20. Rh3 Bh5 21. Nd1
Rae8 22. c4 Kb8 23. c5 Bc7 24. Qc2 Bg6 25. b4 Nh5 26. f4 gxf4 27. Rxh4 Qf6 28.
R4h3 fxe3 29. Rf3 Nf4 30. Rxh8 Nxd3+ 31. Qxd3 Qxh8 32. Rxe3 f4 33. Rxe8+ Qxe8
34. Qd2 Qe4 35. Nec3 Qd3 36. Qxd3 Bxd3 37. Nf2 Bf1 38. Kd2 Bxg2 39. a4 Bf3 40.
Ne2 Be4 41. Nc3 Bg6 42. Nh3 Kc8 43. Ne2 f3 44. Nef4 Be4 45. Ke3 Kd7 46. Nf2 Ke7
47. N4d3 Bg3 48. Nh1 Bh4 49. Ndf2 Bg5# 0-1

[Event "Guildford v White Rose"]
[Site "?"]
[Date "2002.06.02"]
[Round "2"]
[White "Hill, David F"]
[Black "Arnott, Jonathan W"]
[Result "0-1"]
[WhiteElo "2151"]
[BlackElo "2072"]
[PlyCount "80"]
[EventDate "2002.??.??"]

1. Nf3 e6 2. d4 f5 3. e4 fxe4 4. Ng5 Nf6 5. f3 h6 6. Nh3 d5 7. fxe4 dxe4 8. Be2
Bd6 9. Bh5+ Kd7 10. Nc3 b6 11. Bg6 Bb7 12. O-O Rf8 13. Qe2 Ba6 14. Nb5 c6 15.
c4 cxb5 16. Bxe4 Nxe4 17. Rxf8 Qxf8 18. Qxe4 Nc6 19. Bf4 Bxf4 20. Nxf4 Qf5 21.
Qe3 Rf8 22. d5 Qxf4 23. dxc6+ Kc7 24. Qe1 bxc4 25. h3 e5 26. Qb4 Qd4+ 27. Kh2
Qc5 28. Qa4 Qa5 29. Qc2 Rf6 30. Rd1 Rxc6 31. Qf5 Bc8 32. Qf7+ Kb8 33. Qxg7 Qc5
34. Rd8 Rd6 35. Re8 Qc7 36. Qxe5 Rd2 37. Qxc7+ Kxc7 38. Re4 b5 39. a4 Bb7 40.
Re7+ Kb6 0-1

[Event "Guildford v White Rose"]
[Site "?"]
[Date "2002.06.02"]
[Round "2"]
[White "Keeling, Karen"]
[Black "Punnett, Alan K"]
[Result "0-1"]
[WhiteElo "2038"]
[BlackElo "2121"]
[PlyCount "62"]
[EventDate "2002.??.??"]

1. c4 e6 2. g3 d5 3. Bg2 Nf6 4. Nf3 Be7 5. O-O O-O 6. d4 c5 7. Qc2 cxd4 8. Nxd4
Nc6 9. Nxc6 bxc6 10. Nd2 a5 11. Rd1 Ba6 12. a3 Qb6 13. e3 Rab8 14. Bf1 Rfc8 15.
b3 Nd7 16. Bb2 Bf6 17. Bxf6 Nxf6 18. Qc3 c5 19. Rab1 d4 20. exd4 cxd4 21. Qa1
Bb7 22. Bg2 Bxg2 23. Kxg2 e5 24. Kg1 e4 25. b4 e3 26. Nf3 exf2+ 27. Kxf2 Ne4+
28. Kg2 Nc3 29. bxa5 Qe6 30. Re1 Rxb1 31. Rxb1 Qe2+ 0-1

[Event "Guildford v White Rose"]
[Site "?"]
[Date "2002.06.02"]
[Round "2"]
[White "Webb, Matthew"]
[Black "Sirisena, Chantal"]
[Result "1-0"]
[WhiteElo "1512"]
[BlackElo "1288"]
[PlyCount "83"]
[EventDate "2002.??.??"]

1. d4 d5 2. Nf3 Nf6 3. Bg5 c6 4. e3 Bf5 5. Bd3 Bxd3 6. Qxd3 Nbd7 7. Nbd2 e6 8.
e4 Qa5 9. c3 dxe4 10. Nxe4 Nxe4 11. Qxe4 Qd5 12. Qd3 f6 13. Bh4 e5 14. Qe3 Bd6
15. dxe5 Nxe5 16. Rd1 Qe6 17. Nd4 Qg4 18. O-O O-O 19. Bg3 Rfe8 20. h3 Qg6 21.
Qc1 Rad8 22. Bxe5 Rxe5 23. Nf3 Rh5 24. Kh1 Qg4 25. Rfe1 Qf5 26. Qe3 Qd7 27. c4
c5 28. Rd2 Kf8 29. Qe2 Qe7 30. Qd1 Qc7 31. Nd4 Rxh3+ 32. gxh3 cxd4 33. Rxd4
Qc6+ 34. Kg1 Qc5 35. Rd5 Qb6 36. Re6 Bh2+ 37. Kxh2 Qxf2+ 38. Kh1 Rxd5 39. cxd5
Qg3 40. Qh5 g6 41. Qh6+ Kg8 42. Re8+ 1-0

[Event "Metropolitan v Numerica 3Cs"]
[Site "?"]
[Date "2002.06.02"]
[Round "2"]
[White "Djabri, Zafer M"]
[Black "Whitworth, Philip"]
[Result "0-1"]
[WhiteElo "1776"]
[BlackElo "1936"]
[PlyCount "56"]
[EventDate "2002.??.??"]

1. c4 f5 2. g3 Nf6 3. Bg2 g6 4. Nc3 Bg7 5. Nf3 O-O 6. O-O Nc6 7. d3 e5 8. Rb1
d6 9. b4 Qe8 10. b5 Nd8 11. a4 f4 12. gxf4 exf4 13. Bxf4 Ne6 14. Bg3 Nh5 15.
Ne4 Nef4 16. a5 Nxg2 17. Kxg2 Nf4+ 18. Bxf4 Rxf4 19. b6 axb6 20. axb6 Qd7 21.
Ng3 Qh3+ 22. Kh1 cxb6 23. Qb3 Kh8 24. Qxb6 Bg4 25. Qxd6 Rxf3 26. Rxb7 Rxg3 27.
Rb8+ Rxb8 28. Qxb8+ Bc8 0-1

[Event "Metropolitan v Numerica 3Cs"]
[Site "?"]
[Date "2002.06.02"]
[Round "2"]
[White "Plant, Plant"]
[Black "Kruszynski, Robert G"]
[Result "1-0"]
[WhiteElo "1768"]
[BlackElo "1840"]
[PlyCount "61"]
[EventDate "2002.??.??"]

1. d4 Nf6 2. c4 c5 3. d5 b5 4. cxb5 a6 5. b6 Bb7 6. Nc3 e6 7. e4 exd5 8. Nxd5
Nxd5 9. exd5 Bd6 10. Bc4 O-O 11. Qb3 Re8+ 12. Ne2 Qh4 13. h3 f5 14. O-O f4 15.
Qf3 Rf8 16. Qe4 g5 17. b3 a5 18. Bb2 Na6 19. Qd3 f3 20. Ng3 fxg2 21. Kxg2 Qf4
22. Qc3 Kf7 23. Rae1 Rg8 24. Re4 Rg6 25. Rxf4+ gxf4 26. Kh2 fxg3+ 27. fxg3+ Ke7
28. Qe3+ Kd8 29. Bf6+ Rxf6 30. Rxf6 Be7 31. Rf7 1-0

[Event "Metropolitan v Numerica 3Cs"]
[Site "?"]
[Date "2002.06.02"]
[Round "2"]
[White "Taylor, Robrt M"]
[Black "Calvert, D Ian"]
[Result "1-0"]
[WhiteElo "2153"]
[BlackElo "2058"]
[PlyCount "99"]
[EventDate "2002.??.??"]

1. e4 d5 2. exd5 Nf6 3. Bb5+ Bd7 4. Be2 Nxd5 5. d4 Bf5 6. Nf3 e6 7. O-O Be7 8.
a3 O-O 9. c4 Nf6 10. Nc3 Nbd7 11. Bf4 c6 12. h3 Re8 13. Re1 Bf8 14. b4 a6 15.
Bf1 b5 16. Ne5 Rc8 17. Qf3 Qb6 18. Rad1 Qb7 19. g4 Bg6 20. h4 h5 21. g5 Nxe5
22. dxe5 Nh7 23. c5 f5 24. gxf6 gxf6 25. Bh3 Qf7 26. Qe2 f5 27. Qf3 Be7 28. Bg3
Nf8 29. Ne2 Red8 30. Nf4 Qe8 31. Bg2 Bf7 32. Qb3 Kh7 33. Bf3 Ng6 34. Nxg6 Kxg6
35. Qe3 Kh7 36. Kh2 Rxd1 37. Rxd1 Rd8 38. Rxd8 Bxd8 39. Qd3 Be7 40. Bg2 Qc8 41.
Bf3 Qe8 42. Kh3 Bg6 43. Bf4 Bf7 44. Qd1 Kh8 45. Bg5 Bxg5 46. hxg5 Qg8 47. Kh4
Qg6 48. Bxh5 Qh7 49. Qd8+ Kg7 50. Qf6+ 1-0

[Event "Metropolitan v Wessex"]
[Site "?"]
[Date "2002.06.02"]
[Round "2"]
[White "McGuiness, Andrew E"]
[Black "Marsh, Roger"]
[Result "0-1"]
[WhiteElo "1888"]
[BlackElo "2067"]
[PlyCount "140"]
[EventDate "2002.??.??"]

1. e4 g6 2. Nc3 Bg7 3. g3 c6 4. Bg2 d5 5. exd5 Nf6 6. dxc6 Nxc6 7. Nge2 Bg4 8.
h3 Bd7 9. d3 h5 10. Be3 Qc8 11. Qd2 h4 12. g4 Nd8 13. g5 Nh5 14. d4 Qc4 15. d5
Be5 16. Bd4 Bxd4 17. Qxd4 Qxd4 18. Nxd4 Nf4 19. Kf1 Rh5 20. Ne4 Nxd5 21. Nd6+
exd6 22. Bxd5 Rxg5 23. Re1+ Kf8 24. c4 Nc6 25. Nb5 Nb4 26. Bxb7 Bxb5 27. cxb5
Rb8 28. Bc6 Nxc6 29. bxc6 Rc5 30. Re2 Re8 31. Rd2 Rxc6 32. Kg2 Re4 33. Kf3 Rec4
34. Rg1 Rc2 35. Ke2 Ke7 36. Rg5 R6c5 37. Rg4 R2c4 38. Rg1 Ke6 39. Rgd1 Rc2 40.
b4 R5c3 41. f3 Ke5 42. b5 d5 43. a4 Rxd2+ 44. Kxd2 Ra3 45. f4+ Kd6 46. Rc1 Rxa4
47. Rc6+ Kd7 48. Rf6 Ke7 49. Rc6 Rxf4 50. Rc7+ Kd6 51. Rxa7 Kc5 52. Rb7 g5 53.
b6 Rb4 54. Rxf7 Rxb6 55. Rg7 Rb3 56. Rxg5 Rxh3 57. Rg8 Rg3 58. Rh8 h3 59. Rh4
Rg2+ 60. Kd3 h2 61. Rh3 Rg3+ 62. Rxg3 h1=Q 63. Rg8 Qh7+ 64. Ke3 Qxg8 65. Kd3
Qg3+ 66. Kd2 Kd4 67. Kc2 Qc3+ 68. Kb1 Qd2 69. Ka1 Kc3 70. Kb1 Qb2# 0-1

[Event "Metropolitan v Wessex"]
[Site "?"]
[Date "2002.06.02"]
[Round "2"]
[White "Morgan, Wilf"]
[Black "Young, Collins"]
[Result "0-1"]
[WhiteElo "1288"]
[BlackElo "1608"]
[PlyCount "98"]
[EventDate "2002.??.??"]

1. e4 c6 2. d4 d5 3. Nc3 dxe4 4. Nxe4 Bf5 5. Ng3 Bg6 6. Nf3 Nd7 7. Bd3 Bxd3 8.
Qxd3 e6 9. O-O Ngf6 10. Ne5 Be7 11. f4 O-O 12. Qb3 Qb6 13. Qxb6 Nxb6 14. c4 c5
15. Be3 Rac8 16. dxc5 Bxc5 17. Bxc5 Rxc5 18. b4 Rc7 19. Rac1 Rfc8 20. c5 h6 21.
Nc4 Nxc4 22. Rxc4 b6 23. Rfc1 Kf8 24. Kf2 bxc5 25. Kf3 Ke7 26. Rxc5 Rxc5 27.
bxc5 Nd7 28. c6 Rc7 29. Ne2 Nb8 30. Nd4 a6 31. g4 Kd6 32. Ke4 Nxc6 33. f5 Nxd4
34. Rxc7 exf5+ 35. gxf5 Kxc7 36. Kxd4 g6 37. fxg6 fxg6 38. Ke5 g5 39. Kf5 Kd6
40. h3 a5 41. Kg6 Ke5 42. Kxh6 Kf4 43. Kh5 a4 44. Kh6 g4 45. hxg4 Kxg4 46. Kg6
Kf4 47. Kf6 Ke4 48. Ke6 Kd4 49. Kd6 Kc3 0-1

[Event "Metropolitan v Wessex"]
[Site "?"]
[Date "2002.06.02"]
[Round "2"]
[White "Noden, Nicolas"]
[Black "Rutter, Nicholas"]
[Result "1/2-1/2"]
[WhiteElo "2205"]
[BlackElo "2133"]
[PlyCount "53"]
[EventDate "2002.??.??"]

1. e4 c5 2. Nf3 Nc6 3. Bb5 e6 4. O-O Nge7 5. c3 a6 6. Ba4 b5 7. Bc2 Bb7 8. d4
cxd4 9. Nxd4 Ng6 10. a4 bxa4 11. Bxa4 Qc7 12. Na3 Bc5 13. Be3 Nxd4 14. Bxd4 O-O
15. Bc2 d5 16. exd5 Bxd5 17. Bxg6 hxg6 18. c4 Bb7 19. Bxc5 Qxc5 20. Qe1 Qd4 21.
Qe2 Rad8 22. Rfd1 Qb6 23. Qc2 Qc5 24. Rxd8 Rxd8 25. Rd1 Rxd1+ 26. Qxd1 Qc6 27.
Qd8+ 1/2-1/2

[Event "Metropolitan v Wessex"]
[Site "?"]
[Date "2002.06.02"]
[Round "2"]
[White "Pye, David E"]
[Black "Griffiths, Kathy"]
[Result "1-0"]
[WhiteElo "2096"]
[BlackElo "2005"]
[PlyCount "57"]
[EventDate "2002.??.??"]

1. d4 Nf6 2. Bg5 g6 3. Nc3 Bg7 4. e4 d6 5. f4 c6 6. Qd2 Qa5 7. Bd3 Na6 8. Nf3
Bg4 9. O-O h6 10. Bh4 Nc7 11. Nd5 Qxd2 12. Nxc7+ Kd7 13. Nxd2 Kxc7 14. e5 Nd5
15. Rae1 Rae8 16. c3 Bh5 17. exd6+ exd6 18. h3 Nxf4 19. Rxf4 g5 20. Rfe4 Rxe4
21. Rxe4 gxh4 22. Re7+ Kb8 23. Nc4 Rd8 24. Na5 c5 25. Rxb7+ Ka8 26. Ba6 Rc8 27.
Rd7 Kb8 28. d5 Re8 29. Nc6+ 1-0

[Event "Poisoned Pawns v NW Eagles"]
[Site "?"]
[Date "2002.06.02"]
[Round "2"]
[White "Dignam, Matthew"]
[Black "Carleton, John J"]
[Result "0-1"]
[WhiteElo "2200"]
[BlackElo "2255"]
[PlyCount "92"]
[EventDate "2002.??.??"]

1. d4 d5 2. Nf3 Bf5 3. Bf4 e6 4. e3 Bd6 5. Bd3 Bxf4 6. exf4 Ne7 7. Nc3 Nd7 8.
Qe2 Bg4 9. O-O c6 10. h3 Bxf3 11. Qxf3 g6 12. Rfe1 Nf5 13. Bxf5 gxf5 14. Qh5
Qf6 15. Rad1 O-O-O 16. b4 Kb8 17. Na4 Qg6 18. Qxg6 hxg6 19. Nc5 Nxc5 20. bxc5
Rh4 21. Rd3 Rxf4 22. g3 Re4 23. Rc1 e5 24. c3 exd4 25. cxd4 Rde8 26. Rcc3 Re2
27. a4 R8e4 28. Ra3 a5 29. Rab3 Ra2 30. Rb6 Ka7 31. g4 fxg4 32. Rdb3 Re7 33.
hxg4 Rxa4 34. f3 Rxd4 35. Ra3 a4 36. Rb2 Rc4 37. Rh2 Rxc5 38. Rxa4+ Kb6 39. Rh7
Rc2 40. Kf1 c5 41. Rf4 c4 42. Rf6+ Kc5 43. Rfxf7 Rxf7 44. Rxf7 b5 45. f4 b4 46.
f5 b3 0-1

[Event "Poisoned Pawns v NW Eagles"]
[Site "?"]
[Date "2002.06.02"]
[Round "2"]
[White "Hammond, Andrew JC"]
[Black "Kennaugh, Charles W"]
[Result "0-1"]
[WhiteElo "2200"]
[BlackElo "2255"]
[PlyCount "115"]
[EventDate "2002.??.??"]

1. Nf3 b5 2. e4 Bb7 3. Bxb5 Bxe4 4. O-O Nf6 5. Nc3 Bb7 6. d4 e6 7. Qe2 Be7 8.
Bg5 O-O 9. Rad1 d6 10. Rfe1 Nbd7 11. d5 e5 12. Bc6 Rb8 13. Nb5 Ba6 14. Be3 Nb6
15. c4 Nfd7 16. b3 Bxb5 17. Bxb5 f5 18. Bxb6 axb6 19. Nd4 exd4 20. Qxe7 Nc5 21.
Rxd4 Ra8 22. Qxd8 Rfxd8 23. Rd2 Ra3 24. Bc6 Na6 25. Re7 Nb4 26. Rxc7 Nxa2 27.
h4 Nc3 28. Ba4 h5 29. Kh2 Kh7 30. Bd7 Kg6 31. b4 Ne4 32. Rd1 Rb3 33. Be6 Rxb4
34. f3 Nc5 35. Ra1 Rxc4 36. Raa7 Rxh4+ 37. Kg3 Nxe6 38. dxe6 Rb4 39. Rxg7+ Kf6
40. Rgf7+ Kxe6 41. Rae7+ Kd5 42. Rxf5+ Kc4 43. Rxh5 d5 44. Rc7+ Kd3 45. f4 Rb1
46. Kf2 d4 47. f5 Rb2+ 48. Kf3 Re2 49. f6 Re3+ 50. Kf4 Kd2 51. g4 d3 52. g5
Rd4+ 53. Kf5 Rd5+ 54. Kg6 Rf3 55. Kg7 Ke3 56. Re7+ Kf4 57. f7 Kg4 58. Kg6 0-1

[Event "Poisoned Pawns v NW Eagles"]
[Site "?"]
[Date "2002.06.02"]
[Round "2"]
[White "Smith, Alan A"]
[Black "Young, Craig A"]
[Result "1-0"]
[WhiteElo "2257"]
[BlackElo "2102"]
[PlyCount "41"]
[EventDate "2002.??.??"]

1. e4 e6 2. d4 d5 3. Nc3 Nf6 4. Bg5 Be7 5. e5 Nfd7 6. Bxe7 Qxe7 7. f4 a6 8. Nf3
c5 9. Qd2 Nc6 10. dxc5 Qxc5 11. O-O-O O-O 12. Bd3 b5 13. Kb1 Nb6 14. Bxh7+ Kxh7
15. Ng5+ Kg8 16. Qd3 f5 17. exf6 Rxf6 18. Qh7+ Kf8 19. Qh8+ Ke7 20. Qxg7+ Kd6
21. Nce4# 1-0